000 nam a22 7a 4500
999 _c15358
_d15358
008 161031b xxu||||| |||| 00| 0 eng d
020 _a0669274534
020 _a9780669274530
050 _aPE 1441 .F58 1994
100 _aFitzpatrick, Carolyn H.
245 _aThe complete sentence workout book/
_cCarolyn H. Fitzpatrick and Marybeth B. Ruscica
250 _a3rd ed.
260 _aLexington, Mass. :
_bD.C. Heath,
_c©1994.
300 _axi, 499p. :
_bill. ;
_c28cm.
500 _aIncludes bibliography and index.
650 _aEnglish language
_xSentences.
650 _a English language
_xComposition and exercises.
650 _aEnglish language
_xRhetoric.
700 _aRuscica, Marybeth B.
942 _2lcc
_cBOOKS
_hPE 1441 .F58 1994